[Event "North Wales Fide Open"]
[Site "Colwyn Bay"]
[Date "2016.07.01"]
[Round "1"]
[White "Shakespeare, John"]
[Black "Dineley, Richard"]
[Result "0-1"]
[WhiteElo "1928"]
[BlackElo "2259"]
[PlyCount "62"]
[EventDate "2016.??.??"]
[EventType "swiss"]
[EventRounds "5"]
[EventCountry "WLS"]

1. d4 Nf6 2. Nf3 d5 3. c4 e6 4. Nc3 c6 5. cxd5 exd5 6. Qc2 g6 7. Bg5 Be7 8. e4
dxe4 9. Bxf6 Bxf6 10. Qxe4+ Kf8 11. Bc4 Kg7 12. O-O Re8 13. Qf4 Be6 14. Bxe6
Rxe6 15. Ne4 Nd7 16. h4 Qb8 17. Qg4 h5 18. Qh3 Rxe4 19. Qxd7 Re7 20. Qh3 Qf4
21. Rad1 Rd8 22. Rd3 Red7 23. Ra3 Bxd4 24. g3 Qf6 25. b4 Bc3 26. Ng5 Bxb4 27.
Rxa7 Re7 28. Qg2 Bc5 29. Ra4 Rd4 30. Rxd4 Bxd4 31. Rc1 Re2 0-1

[Event "North Wales Fide Open"]
[Site "Colwyn Bay"]
[Date "2016.07.01"]
[Round "1"]
[White "Jones, Steven A"]
[Black "McDonagh, Michael"]
[Result "1-0"]
[WhiteElo "2186"]
[BlackElo "1901"]
[PlyCount "89"]
[EventDate "2016.??.??"]
[EventType "swiss"]
[EventRounds "5"]
[EventCountry "WLS"]

1. e4 Nh6 2. d4 d5 3. Nc3 c6 4. Be2 e6 5. Nf3 a6 6. O-O Be7 7. Re1 b5 8. exd5
cxd5 9. Bxh6 gxh6 10. Ne5 O-O 11. Bh5 Bf6 12. Qd2 Bg7 13. Re3 Qg5 14. Qe2 Ra7
15. Rf1 f5 16. f4 Qf6 17. Nd1 Rc7 18. c3 Nc6 19. Nxc6 Rxc6 20. a3 Rb6 21. Nf2
a5 22. Nd3 b4 23. axb4 axb4 24. Nxb4 Rxb4 25. cxb4 Qxd4 26. b5 Qb6 27. Kh1 Bd7
28. Rg3 Bxb5 29. Qe5 Qb7 30. Qxe6+ Kh8 31. Rd1 d4 32. Rb3 Qc6 33. Qxc6 Bxc6 34.
Rb6 Be4 35. Rd6 d3 36. b4 Bc3 37. b5 d2 38. R1xd2 Bxd2 39. Rxd2 Rc8 40. Kg1
Rc1+ 41. Kf2 Rb1 42. Be8 Rb3 43. Bc6 Bd3 44. Bd5 Rc3 45. b6 1-0

[Event "North Wales Fide Open"]
[Site "Colwyn Bay"]
[Date "2016.07.01"]
[Round "1"]
[White "Forster, James Connor C"]
[Black "Jameson, David"]
[Result "1/2-1/2"]
[WhiteElo "1841"]
[BlackElo "2125"]
[PlyCount "89"]
[EventDate "2016.??.??"]
[EventType "swiss"]
[EventRounds "5"]
[EventCountry "WLS"]

1. d4 Nf6 2. c4 e6 3. Nc3 Bb4 4. Qc2 O-O 5. Nf3 b6 6. Bg5 Bb7 7. a3 Bxc3+ 8.
Qxc3 h6 9. Bh4 d6 10. e3 Nbd7 11. Be2 c5 12. O-O Qc7 13. Rfd1 Rac8 14. Rac1 g5
15. Bg3 Ne4 16. Qe1 Nxg3 17. hxg3 Nf6 18. Nd2 Rcd8 19. Bf3 Bxf3 20. Nxf3 Ne4
21. Nd2 Nf6 22. Nb3 Qb7 23. Qe2 Kg7 24. f3 cxd4 25. Nxd4 d5 26. Rc2 Rc8 27.
Rdc1 Rfd8 28. Kf2 Rd7 29. cxd5 Rxc2 30. Qxc2 Qxd5 31. Qc6 Qxc6 32. Rxc6 Nd5 33.
Ke2 Kf6 34. g4 Nf4+ 35. exf4 Rxd4 36. fxg5+ hxg5 37. Rc7 Ra4 38. Kd3 a6 39. Rc6
b5 40. Kc3 Ke5 41. Rc7 f6 42. g3 Kd6 43. Rf7 Ke5 44. Rc7 Kd6 45. Rf7 1/2-1/2

[Event "North Wales Fide Open"]
[Site "Colwyn Bay"]
[Date "2016.07.01"]
[Round "1"]
[White "De Coverly, Roger D"]
[Black "Lochte, Szilvia"]
[Result "1-0"]
[WhiteElo "2082"]
[BlackElo "1876"]
[PlyCount "115"]
[EventDate "2016.??.??"]
[EventType "swiss"]
[EventRounds "5"]
[EventCountry "WLS"]

1. e4 c5 2. Nf3 e6 3. g3 Nc6 4. Bg2 g6 5. O-O Bg7 6. Re1 d6 7. c3 Nge7 8. d3
O-O 9. a4 d5 10. Qc2 Bd7 11. Nbd2 Rc8 12. Nf1 d4 13. Bd2 Qb6 14. c4 Nb4 15.
Bxb4 Qxb4 16. e5 Nc6 17. N1d2 Qb6 18. Re2 Qc7 19. Rae1 Nb4 20. Qb3 Qa5 21. Ra1
Rc6 22. Ne4 Ra6 23. Qd1 Bxa4 24. Qd2 Nc6 25. Qxa5 Rxa5 26. Nxc5 Bd1 27. Rxd1
Rxc5 28. Ra1 a5 29. b3 Rd8 30. Rae1 Nb4 31. Rd1 Nc6 32. Re4 Nxe5 33. Nxd4 Kf8
34. Nb5 Rxd3 35. Rxd3 Nxd3 36. Re3 Nc1 37. Bxb7 Bh6 38. Rf3 Ke7 39. Kg2 f5 40.
Rc3 e5 41. Kf1 Na2 42. Rc2 Nb4 43. Re2 Kd7 44. Re1 Nc6 45. Rd1+ Ke7 46. Bxc6
Rxc6 47. Ra1 Bd2 48. Ke2 Bb4 49. Kd3 Rc8 50. Nc3 e4+ 51. Kc2 Kd6 52. Rd1+ Ke6
53. Nd5 Bc5 54. Rd2 Ke5 55. Ne3 Bd4 56. Nd5 a4 57. Ne3 a3 58. Kb1 1-0

[Event "North Wales Fide Open"]
[Site "Colwyn Bay"]
[Date "2016.07.01"]
[Round "1"]
[White "Van Kemenade, Rudy"]
[Black "Betts, Richard"]
[Result "1-0"]
[WhiteElo "2007"]
[BlackElo "1802"]
[PlyCount "71"]
[EventDate "2016.??.??"]
[EventType "swiss"]
[EventRounds "5"]
[EventCountry "WLS"]

1. e4 e6 2. d3 c5 3. Nf3 Nc6 4. g3 Nf6 5. Bg2 Be7 6. O-O O-O 7. h4 d5 8. e5 Ne8
9. Qe2 b5 10. c4 bxc4 11. dxc4 Ba6 12. b3 Qb6 13. Rd1 Nc7 14. Na3 Rfd8 15. Bb2
Na5 16. Nd2 Rd7 17. Qg4 Rad8 18. Re1 Qb4 19. Re2 dxc4 20. Ndxc4 Nxc4 21. Nxc4
Bxc4 22. Qxc4 Rd2 23. Rae1 h6 24. Qc1 Rxe2 25. Rxe2 Nd5 26. Re4 Qa5 27. Ra4 Qc7
28. Rg4 Kh8 29. Kh2 Nb6 30. Qf4 h5 31. Qxf7 hxg4 32. Be4 Qd7 33. Qh5+ Kg8 34.
Bg6 Bf6 35. Qh7+ Kf8 36. exf6 1-0

[Event "North Wales Fide Open"]
[Site "Colwyn Bay"]
[Date "2016.07.01"]
[Round "1"]
[White "Camp, Imogen A L"]
[Black "Bryant, Richard B E"]
[Result "0-1"]
[WhiteElo "1726"]
[BlackElo "1994"]
[PlyCount "90"]
[EventDate "2016.??.??"]
[EventType "swiss"]
[EventRounds "5"]
[EventCountry "WLS"]

1. d4 d5 2. c4 e6 3. Nc3 Nf6 4. Bg5 Be7 5. e3 h6 6. Bh4 c6 7. Nf3 Nbd7 8. cxd5
exd5 9. Bd3 Ne4 10. Bxe7 Qxe7 11. Nd2 Ndf6 12. O-O O-O 13. Qc2 Re8 14. Rab1 Bd7
15. b4 Rac8 16. Ndxe4 dxe4 17. Bc4 Qd6 18. h3 Re7 19. Qb3 Bf5 20. Rfc1 Nh7 21.
b5 Ng5 22. Qb4 Qd7 23. bxc6 bxc6 24. Ba6 Rce8 25. Ne2 Bxh3 26. Nf4 Bxg2 27.
Nxg2 Qh3 28. Rxc6 Nf3+ 29. Kf1 Nh2+ 30. Kg1 Nf3+ 31. Kf1 Nh4 32. Rc8 Qxg2+ 33.
Ke2 Qf3+ 34. Kf1 Qh3+ 35. Ke1 Nf3+ 36. Kd1 Rxc8 37. Bxc8 Qf1+ 38. Kc2 Qxf2+ 39.
Kb3 Qxe3+ 40. Ka4 Qxd4 41. Bf5 g6 42. Bg4 Qxb4+ 43. Rxb4 f5 44. Bxf3 exf3 45.
Rf4 Re4+ 0-1

[Event "North Wales Fide Open"]
[Site "Colwyn Bay"]
[Date "2016.07.01"]
[Round "1"]
[White "Wells, Jonathan C"]
[Black "Van Kemenade, Julie"]
[Result "1-0"]
[WhiteElo "1999"]
[BlackElo "1726"]
[PlyCount "81"]
[EventDate "2016.??.??"]
[EventType "swiss"]
[EventRounds "5"]
[EventCountry "WLS"]

1. d4 d6 2. Nf3 Nf6 3. g3 c6 4. Bg2 Qc7 5. c4 e5 6. Nc3 Nbd7 7. O-O Be7 8. e4
h6 9. Qe2 Nf8 10. dxe5 dxe5 11. Ne1 g5 12. a3 Ng6 13. b4 Be6 14. Nc2 Rd8 15.
Bb2 h5 16. Rad1 h4 17. Rxd8+ Bxd8 18. Ne3 Qc8 19. Rd1 Bc7 20. Qd3 Ne7 21. c5
Ng4 22. Nxg4 Bxg4 23. f3 Be6 24. Kf2 Ng6 25. Ne2 Ke7 26. g4 Qf8 27. Bc1 f6 28.
Be3 h3 29. Bf1 Qc8 30. Ng3 Nh4 31. Rd2 Ng6 32. Nf5+ Bxf5 33. exf5 Nf8 34. Qe4
Kf7 35. Bc4+ Kg7 36. Bb3 Kh6 37. Qc4 Rh7 38. Qg8 Rg7 39. Qh8+ Rh7 40. Qxf6+ Ng6
41. Qxg6# 1-0

[Event "North Wales Fide Open"]
[Site "Colwyn Bay"]
[Date "2016.07.01"]
[Round "1"]
[White "McCusker, Andrew"]
[Black "Bennion, David"]
[Result "0-1"]
[WhiteElo "1653"]
[BlackElo "1965"]
[PlyCount "102"]
[EventDate "2016.??.??"]
[EventType "swiss"]
[EventRounds "5"]
[EventCountry "WLS"]

1. c4 e5 2. g3 Nf6 3. Bg2 d5 4. cxd5 Nxd5 5. Nc3 Be6 6. d3 Nc6 7. Nf3 Be7 8.
O-O h5 9. h4 f6 10. d4 g5 11. dxe5 gxh4 12. Nxh4 Nxc3 13. Qxd8+ Rxd8 14. bxc3
fxe5 15. Ng6 Rg8 16. Bxc6+ bxc6 17. Nxe5 Bc5 18. Bf4 h4 19. e3 hxg3 20. fxg3
Bd5 21. Kf2 Rh8 22. g4 Rh3 23. a4 Bb3 24. Kg2 Rh8 25. Rf2 Bd5+ 26. Kg3 Be4 27.
Bg5 Rd5 28. Bf6 Rf8 29. g5 Bd6 30. Raf1 Bxe5+ 31. Kg4 Bxf6 32. Rxf6 Rxf6 33.
Rxf6 Rd6 34. Rf2 a5 35. c4 Bg6 36. Rf4 Re6 37. Kf3 Bh5+ 38. Kf2 Re7 39. Rh4
Rf7+ 40. Ke1 Bg6 41. Rh6 Be4 42. Rh8+ Rf8 43. Rh4 Bc2 44. c5 Kf7 45. Kd2 Bg6
46. e4 Re8 47. Ke3 Re5 48. Rf4+ Ke7 49. Rf6 Rxe4+ 50. Kf3 Re6 51. Rf4 Re5 0-1

[Event "North Wales Fide Open"]
[Site "Colwyn Bay"]
[Date "2016.07.02"]
[Round "2"]
[White "Dineley, Richard"]
[Black "Van Kemenade, Rudy"]
[Result "1-0"]
[WhiteElo "2259"]
[BlackElo "2007"]
[PlyCount "45"]
[EventDate "2016.??.??"]
[EventType "swiss"]
[EventRounds "5"]
[EventCountry "WLS"]

1. e4 e5 2. Nf3 Nf6 3. d4 Nxe4 4. dxe5 d5 5. Nbd2 Nc5 6. Nb3 Nxb3 7. axb3 Be7
8. Bd3 O-O 9. O-O Nc6 10. c3 f6 11. exf6 Bxf6 12. Qc2 g6 13. Bh6 Rf7 14. Bxg6
hxg6 15. Qxg6+ Bg7 16. Ng5 Qf6 17. Qh7+ Kf8 18. Qh8+ Ke7 19. Rae1+ Ne5 20. Bxg7
Rxg7 21. f4 Kd7 22. Rxe5 c6 23. Re6 1-0

[Event "North Wales Fide Open"]
[Site "Colwyn Bay"]
[Date "2016.07.02"]
[Round "2"]
[White "Bryant, Richard B E"]
[Black "Jones, Steven A"]
[Result "1-0"]
[WhiteElo "1994"]
[BlackElo "2186"]
[PlyCount "71"]
[EventDate "2016.??.??"]
[EventType "swiss"]
[EventRounds "5"]
[EventCountry "WLS"]

1. e4 c5 2. Nc3 Nc6 3. g3 g6 4. Bg2 Bg7 5. d3 Rb8 6. Nh3 b5 7. O-O e6 8. f4
Nge7 9. g4 b4 10. Ne2 f5 11. gxf5 exf5 12. c3 d5 13. e5 O-O 14. d4 bxc3 15.
bxc3 Qa5 16. Rf3 Nd8 17. c4 cxd4 18. Ba3 Ndc6 19. Rc1 dxc4 20. Rxc4 Ba6 21. Rc5
Rb5 22. Rc1 Rd8 23. Bd6 Rb2 24. Nxd4 Rxd6 25. exd6 Bxd4+ 26. Kh1 Bb6 27. dxe7
Nxe7 28. Qd7 Re2 29. Qe8+ Kg7 30. Ng5 Qxa2 31. Nxh7 Kxh7 32. Rh3+ Kg7 33. Qh8+
Kf7 34. Rh7+ Ke6 35. Qe8 Bc5 36. Rxe7+ 1-0

[Event "North Wales Fide Open"]
[Site "Colwyn Bay"]
[Date "2016.07.02"]
[Round "2"]
[White "Bennion, David"]
[Black "De Coverly, Roger D"]
[Result "1-0"]
[WhiteElo "1965"]
[BlackElo "2082"]
[PlyCount "47"]
[EventDate "2016.??.??"]
[EventType "swiss"]
[EventRounds "5"]
[EventCountry "WLS"]

1. e4 e5 2. f4 Nc6 3. Bc4 exf4 4. Nf3 Nf6 5. d4 d5 6. exd5 Nxd5 7. Bxd5 Qxd5 8.
O-O Bg4 9. Nc3 Bxf3 10. Nxd5 Bxd1 11. Nxc7+ Kd7 12. Bxf4 Bxc2 13. Nxa8 Nxd4 14.
Nc7 Bd3 15. Rad1 Bxf1 16. Rxd4+ Kc6 17. Kxf1 Bc5 18. Rc4 a5 19. a3 a4 20. Rxa4
b5 21. Ra6+ Kb7 22. Ra5 Kc6 23. Na6 Kb6 24. Nxc5 1-0

[Event "North Wales Fide Open"]
[Site "Colwyn Bay"]
[Date "2016.07.02"]
[Round "2"]
[White "Blackburn, Joathan Lb"]
[Black "Wells, Jonathan C"]
[Result "1/2-1/2"]
[WhiteElo "2183"]
[BlackElo "1992"]
[PlyCount "47"]
[EventDate "2016.??.??"]
[EventType "swiss"]
[EventRounds "5"]
[EventCountry "WLS"]

1. d4 Nf6 2. c4 g6 3. Nc3 d5 4. cxd5 Nxd5 5. e4 Nxc3 6. bxc3 Bg7 7. Bb5+ c6 8.
Ba4 O-O 9. Ne2 c5 10. O-O Nc6 11. Be3 Qa5 12. Rb1 cxd4 13. cxd4 Rd8 14. Rb5 Qa6
15. Rc5 Nxd4 16. Nxd4 e5 17. Rd5 Rxd5 18. exd5 exd4 19. Bxd4 Bxd4 20. Qxd4 Qd6
21. Rd1 a6 22. h3 b5 23. Bb3 Bb7 24. a4 1/2-1/2

[Event "North Wales Fide Open"]
[Site "Colwyn Bay"]
[Date "2016.07.02"]
[Round "2"]
[White "Jameson, David"]
[Black "Guy, David"]
[Result "1-0"]
[WhiteElo "2125"]
[BlackElo "1870"]
[PlyCount "51"]
[EventDate "2016.??.??"]
[EventType "swiss"]
[EventRounds "5"]
[EventCountry "WLS"]

1. e4 e5 2. d4 exd4 3. c3 dxc3 4. Bc4 Nc6 5. Nf3 h6 6. Nxc3 Bb4 7. O-O Bxc3 8.
bxc3 Nge7 9. e5 d5 10. exd6 Qxd6 11. Qe2 Be6 12. Re1 O-O-O 13. Bb5 g5 14. Be3
g4 15. Nd2 Nd5 16. Ne4 Qa3 17. Bxc6 bxc6 18. Bd4 Rhg8 19. Rac1 Rg6 20. Nc5 h5
21. Qe5 Re8 22. Qxh5 Nf4 23. Qe5 Nxg2 24. Kxg2 Qxc1 25. Nxe6 Rgxe6 26. Qxe6+
1-0

[Event "North Wales Fide Open"]
[Site "Colwyn Bay"]
[Date "2016.07.02"]
[Round "2"]
[White "Doran, Chris"]
[Black "Greatorex, Roger"]
[Result "1-0"]
[WhiteElo "1987"]
[BlackElo "1827"]
[PlyCount "77"]
[EventDate "2016.??.??"]
[EventType "swiss"]
[EventRounds "5"]
[EventCountry "WLS"]

1. e4 e6 2. d4 d5 3. Nd2 Nf6 4. e5 Ne4 5. Bd3 Nxd2 6. Bxd2 c5 7. c3 Nc6 8. Nf3
Be7 9. O-O cxd4 10. cxd4 Bd7 11. a3 g5 12. Be3 g4 13. Nd2 h5 14. b4 a6 15. Nb3
Bg5 16. Nc5 Bc8 17. b5 axb5 18. Bxb5 Bxe3 19. fxe3 Qg5 20. Rf4 O-O 21. Bxc6
bxc6 22. Qd2 f5 23. exf6 Rxf6 24. Rxf6 Qxf6 25. Rf1 Qe7 26. Qd3 Kg7 27. e4 e5
28. exd5 cxd5 29. Qc3 e4 30. Qb3 Ba6 31. Nxa6 Rxa6 32. Qxd5 Rxa3 33. Qxh5 g3
34. Qg4+ Kh6 35. hxg3 Ra5 36. Re1 Qb4 37. Qxe4 Rg5 38. Rc1 Qa5 39. Rc6+ 1-0

[Event "North Wales Fide Open"]
[Site "Colwyn Bay"]
[Date "2016.07.02"]
[Round "2"]
[White "Wilson, Matthew R"]
[Black "Adebajo, Olufemi"]
[Result "0-1"]
[WhiteElo "1772"]
[BlackElo "1932"]
[PlyCount "84"]
[EventDate "2016.??.??"]
[EventType "swiss"]
[EventRounds "5"]
[EventCountry "WLS"]

1. e4 c5 2. Nc3 Nc6 3. f4 g6 4. Nf3 Bg7 5. Bb5 Nd4 6. O-O a6 7. Be2 e6 8. d3
Ne7 9. e5 d5 10. exd6 Qxd6 11. Ne4 Qc7 12. c3 Nxe2+ 13. Qxe2 O-O 14. Be3 b6 15.
Bf2 Bb7 16. Bh4 Nd5 17. g3 f6 18. a3 Qc6 19. Nfd2 Rae8 20. Nc4 Rd8 21. Rae1 h6
22. g4 g5 23. fxg5 hxg5 24. Bg3 e5 25. Ne3 Nxe3 26. Qxe3 Qd5 27. Rd1 c4 28. Qf3
cxd3 29. Nd2 Qxf3 30. Nxf3 e4 31. Nd4 Rd7 32. Kf2 Rxd4 33. cxd4 f5 34. gxf5
Bxd4+ 35. Ke1 Bxb2 36. Bd6 Rd8 37. Bb4 e3 38. f6 Kf7 39. Rb1 Bd4 40. Rd1 Be4
41. Be7 Bc3+ 42. Rd2 Bxd2+ 0-1

[Event "North Wales Fide Open"]
[Site "Colwyn Bay"]
[Date "2016.07.02"]
[Round "2"]
[White "Kirkwood, Robin"]
[Black "Taylor, Robert Graham"]
[Result "0-1"]
[WhiteElo "1632"]
[BlackElo "1922"]
[PlyCount "78"]
[EventDate "2016.??.??"]
[EventType "swiss"]
[EventRounds "5"]
[EventCountry "WLS"]

1. g3 g6 2. Bg2 Bg7 3. f4 Nf6 4. Nf3 O-O 5. O-O d6 6. d3 c6 7. e3 Nbd7 8. Nc3
Nc5 9. d4 Nce4 10. Nxe4 Nxe4 11. Nd2 Nxd2 12. Bxd2 e5 13. c3 Qe7 14. fxe5 dxe5
15. d5 cxd5 16. Bxd5 Bh3 17. Rf2 Be6 18. Bxe6 Qxe6 19. e4 Rad8 20. Qc2 h5 21.
Be3 a6 22. b3 Rd7 23. Rd1 h4 24. Kg2 Rfd8 25. Rxd7 Rxd7 26. Rd2 hxg3 27. hxg3
Qc6 28. Rxd7 Qxd7 29. Qd2 Qxd2+ 30. Bxd2 f5 31. Kf3 Kf7 32. c4 Ke6 33. c5 Kd7
34. a4 Kc6 35. b4 Bf6 36. Be3 Bd8 37. Bf2 Bg5 38. exf5 gxf5 39. g4 e4+ 0-1

[Event "North Wales Fide Open"]
[Site "Colwyn Bay"]
[Date "2016.07.02"]
[Round "2"]
[White "Carr, Steven"]
[Black "Rahulan, Thivyaa"]
[Result "1-0"]
[WhiteElo "1873"]
[BlackElo "1378"]
[PlyCount "33"]
[EventDate "2016.??.??"]
[EventType "swiss"]
[EventRounds "5"]
[EventCountry "WLS"]

1. d4 f5 2. f3 Nf6 3. e4 fxe4 4. Nc3 exf3 5. Nxf3 e6 6. Bg5 Be7 7. Bd3 O-O 8.
O-O b6 9. Qe1 Bb7 10. Qh4 g6 11. Ne5 Nd5 12. Rxf8+ Qxf8 13. Rf1 Qd8 14. Rf7 h5
15. Bxg6 Bxg5 16. Bh7+ Kh8 17. Ng6# 1-0

[Event "North Wales Fide Open"]
[Site "Colwyn Bay"]
[Date "2016.07.02"]
[Round "2"]
[White "Betts, Richard"]
[Black "Shakespeare, John"]
[Result "1/2-1/2"]
[WhiteElo "1802"]
[BlackElo "1928"]
[PlyCount "104"]
[EventDate "2016.??.??"]
[EventType "swiss"]
[EventRounds "5"]
[EventCountry "WLS"]

1. d4 e6 2. Nf3 Nf6 3. e3 b6 4. Bd3 Bb7 5. O-O Be7 6. Nbd2 d5 7. Re1 Nbd7 8. e4
dxe4 9. Nxe4 Nxe4 10. Bxe4 Bxe4 11. Rxe4 Nf6 12. Re1 O-O 13. Qe2 Qc8 14. Bf4 c5
15. c3 Rd8 16. Rad1 cxd4 17. Nxd4 Nd5 18. Bg3 Bf6 19. Nb5 a6 20. Nd6 Qc6 21.
Ne4 Be7 22. Rd3 b5 23. Red1 f5 24. Nd2 f4 25. Rxd5 Rxd5 26. Bxf4 Rf8 27. Be3
Bc5 28. Bxc5 Rxc5 29. Nf3 Rd5 30. Nd4 Qd6 31. Re1 e5 32. Nf3 Re8 33. Qe4 Rd1
34. Kf1 Qd3+ 35. Qxd3 Rxd3 36. Ke2 Rd5 37. Ke3 Kf7 38. Ke4 Rc5 39. Rd1 Rc4+ 40.
Ke3 Ke6 41. h3 h6 42. Nd2 Rc5 43. Ne4 Rd5 44. Re1 Red8 45. f3 Rd3+ 46. Ke2 Kf5
47. Kf2 Rd1 48. Re2 a5 49. a3 b4 50. axb4 axb4 51. Ng3+ Kf6 52. Ne4+ Kf5
1/2-1/2

[Event "North Wales Fide Open"]
[Site "Colwyn Bay"]
[Date "2016.07.02"]
[Round "2"]
[White "McDonagh, Michael"]
[Black "Camp, Imogen A L"]
[Result "1-0"]
[WhiteElo "1901"]
[BlackElo "1726"]
[PlyCount "77"]
[EventDate "2016.??.??"]
[EventType "swiss"]
[EventRounds "5"]
[EventCountry "WLS"]

1. Nf3 d5 2. d4 c5 3. c4 e6 4. Nc3 Nf6 5. cxd5 exd5 6. e3 Nc6 7. Bb5 a6 8.
Bxc6+ bxc6 9. Qa4 Qc7 10. O-O Bd6 11. dxc5 Bxc5 12. e4 O-O 13. Bg5 Nxe4 14.
Nxe4 dxe4 15. Qxe4 Qb6 16. Bh4 h6 17. Rac1 Bb7 18. Rfd1 Rfe8 19. Qc4 Be7 20.
Rd7 g5 21. Ne5 Rf8 22. Rxe7 Qb5 23. Qxb5 axb5 24. Bg3 Bc8 25. a3 f5 26. Rxc6 f4
27. Rg6+ Kh8 28. Rxh6+ Kg8 29. Rg6+ Kh8 30. Rgg7 Bf5 31. Rxg5 fxg3 32. Nf7+
Rxf7 33. Rxf7 gxf2+ 34. Kxf2 Bd3 35. Rf3 Bh7 36. Rh3 Ra7 37. Rgh5 Rf7+ 38. Kg1
Kg8 39. Rxh7 1-0

[Event "North Wales Fide Open"]
[Site "Colwyn Bay"]
[Date "2016.07.02"]
[Round "2"]
[White "Lochte, Szilvia"]
[Black "McCusker, Andrew"]
[Result "0-1"]
[WhiteElo "1876"]
[BlackElo "1653"]
[PlyCount "60"]
[EventDate "2016.??.??"]
[EventType "swiss"]
[EventRounds "5"]
[EventCountry "WLS"]

1. d4 d5 2. Bf4 Nf6 3. e3 e6 4. Nf3 Be7 5. Bd3 Nbd7 6. h3 O-O 7. Nbd2 b6 8. Ne5
Nxe5 9. dxe5 Nd7 10. Qh5 g6 11. Qg4 Nc5 12. Be2 d4 13. O-O-O d3 14. Nb3 h5 15.
Qg3 Bh4 16. Qh2 dxe2 17. Rxd8 Rxd8 18. Nd4 Ba6 19. g3 Be7 20. h4 Ne4 21. f3 c5
22. Nc6 Nd2 23. Qf2 Nf1 24. Nxd8 Rxd8 25. Qe1 f6 26. b3 fxe5 27. Bxe5 Nxe3 28.
Qc3 Rd1+ 29. Kb2 Rxh1 30. Bh8 Nd1+ 0-1

[Event "North Wales Fide Open"]
[Site "Colwyn Bay"]
[Date "2016.07.02"]
[Round "3"]
[White "Bryant, Richard B E"]
[Black "Dineley, Richard"]
[Result "0-1"]
[WhiteElo "1994"]
[BlackElo "2259"]
[PlyCount "72"]
[EventDate "2016.??.??"]
[EventType "swiss"]
[EventRounds "5"]
[EventCountry "WLS"]

1. e4 c5 2. Nc3 Nc6 3. f4 g6 4. Nf3 Bg7 5. Bb5 Nd4 6. Bd3 d6 7. Nxd4 cxd4 8.
Ne2 Nf6 9. c3 dxc3 10. bxc3 O-O 11. O-O b6 12. Qe1 Bb7 13. Ng3 Rc8 14. Bc2 Qc7
15. Bb2 b5 16. Rc1 Nd7 17. d4 Nb6 18. Bd3 Nc4 19. Ba1 e6 20. Rb1 Qd7 21. Rf2 f5
22. Qe2 Bh6 23. e5 dxe5 24. dxe5 Rfd8 25. Rd1 Bd5 26. Nf1 Qc6 27. Ne3 Nxe3 28.
Qxe3 Bf8 29. c4 bxc4 30. Rc1 Qa6 31. Bf1 Bc5 32. Bd4 Bxd4 33. Qxd4 Bxg2 34.
Qxd8+ Rxd8 35. Bxc4 Qa3 36. Bxe6+ Kh8 0-1

[Event "North Wales Fide Open"]
[Site "Colwyn Bay"]
[Date "2016.07.02"]
[Round "3"]
[White "Jameson, David"]
[Black "Bennion, David"]
[Result "1-0"]
[WhiteElo "2125"]
[BlackElo "1965"]
[PlyCount "79"]
[EventDate "2016.??.??"]
[EventType "swiss"]
[EventRounds "5"]
[EventCountry "WLS"]

1. d4 d5 2. c4 e6 3. Nc3 Nf6 4. Bg5 Bb4 5. e3 O-O 6. Nf3 c5 7. cxd5 Bxc3+ 8.
bxc3 Qa5 9. Bxf6 Qxc3+ 10. Nd2 gxf6 11. Rc1 Qa3 12. Rxc5 Nd7 13. Rc2 e5 14. Nc4
Qb4+ 15. Qd2 Qb1+ 16. Rc1 Qg6 17. f3 exd4 18. Qxd4 Ne5 19. Nxe5 fxe5 20. Qxe5
Bd7 21. Qg3 Rac8 22. Rxc8 Rxc8 23. Qxg6+ hxg6 24. Kd2 Rc5 25. e4 f5 26. Bd3 Ra5
27. Bc4 fxe4 28. fxe4 Ra4 29. Kd3 Ra3+ 30. Bb3 a5 31. Kc2 b5 32. d6+ Kf8 33.
Rf1+ Ke8 34. Rf3 a4 35. Bf7+ Kf8 36. Rxa3 Kxf7 37. Kc3 Ke6 38. Kb4 Ke5 39. Rg3
Kxe4 40. Rxg6 1-0

[Event "North Wales Fide Open"]
[Site "Colwyn Bay"]
[Date "2016.07.02"]
[Round "3"]
[White "Wells, Jonathan C"]
[Black "Carr, Steven"]
[Result "1/2-1/2"]
[WhiteElo "1992"]
[BlackElo "1873"]
[PlyCount "35"]
[EventDate "2016.??.??"]
[EventType "swiss"]
[EventRounds "5"]
[EventCountry "WLS"]

1. d4 d5 2. c4 e6 3. Nf3 c5 4. cxd5 exd5 5. g3 Nc6 6. Bg2 c4 7. O-O Bb4 8. Nc3
Nge7 9. a3 Ba5 10. Bd2 O-O 11. b3 cxb3 12. Qxb3 Bg4 13. e3 Qd7 14. Rfc1 Rac8
15. Be1 Rfd8 16. Rab1 b6 17. Qb5 Bh3 18. Qf1 1/2-1/2

[Event "North Wales Fide Open"]
[Site "Colwyn Bay"]
[Date "2016.07.02"]
[Round "3"]
[White "Taylor, Robert Graham"]
[Black "Doran, Chris"]
[Result "1-0"]
[WhiteElo "1922"]
[BlackElo "1987"]
[PlyCount "69"]
[EventDate "2016.??.??"]
[EventType "swiss"]
[EventRounds "5"]
[EventCountry "WLS"]

1. Nf3 Nf6 2. g3 g6 3. Bg2 Bg7 4. c3 d6 5. d3 O-O 6. O-O e5 7. Nbd2 Nc6 8. e4
Bg4 9. h3 Bxf3 10. Qxf3 a5 11. Nc4 b5 12. Ne3 a4 13. Qe2 Qd7 14. f4 Rae8 15. f5
Ne7 16. g4 h6 17. Bd2 d5 18. exd5 g5 19. c4 c6 20. Bb4 Rb8 21. d6 Nc8 22. c5
Re8 23. Qc2 Na7 24. Rae1 Rbc8 25. a3 Bf8 26. Bf3 Bg7 27. Qg2 Nh7 28. Nc2 Bf6
29. Bc3 Nf8 30. Qg3 Qd8 31. Bxe5 Nd7 32. Bxf6 Qxf6 33. d4 b4 34. axb4 Nb5 35.
Qf2 1-0

[Event "North Wales Fide Open"]
[Site "Colwyn Bay"]
[Date "2016.07.02"]
[Round "3"]
[White "Jones, Steven A"]
[Black "Van Kemenade, Rudy"]
[Result "1-0"]
[WhiteElo "2186"]
[BlackElo "2007"]
[PlyCount "95"]
[EventDate "2016.??.??"]
[EventType "swiss"]
[EventRounds "5"]
[EventCountry "WLS"]

1. e4 e5 2. Nf3 Nf6 3. d4 Nxe4 4. Bd3 d5 5. Nxe5 Nd7 6. Nxd7 Bxd7 7. O-O Qh4 8.
c4 O-O-O 9. c5 g5 10. Nc3 Bg7 11. g3 Qh6 12. Nxe4 dxe4 13. Bxe4 f5 14. Bg2 f4
15. h4 Rhf8 16. Qb3 Qa6 17. hxg5 fxg3 18. Be3 gxf2+ 19. Rxf2 Rxf2 20. Bxf2 Bb5
21. Qh3+ Kb8 22. Qxh7 Bf8 23. Bg3 Rd7 24. Qg8 Rd8 25. Qf7 Bd7 26. Re1 Kc8 27.
Bh3 Qc6 28. Bxd7+ Qxd7 29. Qxd7+ Kxd7 30. Be5 c6 31. Rf1 Ke6 32. Bf6 Rd7 33.
Kf2 Rh7 34. Kg3 Kf7 35. Be5+ Kg8 36. Kg4 Bg7 37. Rd1 Kf7 38. Bxg7 Kxg7 39. d5
cxd5 40. Rxd5 Rh2 41. Rd7+ Kg6 42. Rxb7 Rg2+ 43. Kf4 Rf2+ 44. Ke3 Rc2 45. Kd4
Kxg5 46. a4 a5 47. b3 Kf5 48. Rb5 1-0

[Event "North Wales Fide Open"]
[Site "Colwyn Bay"]
[Date "2016.07.02"]
[Round "3"]
[White "Van Kemenade, Julie"]
[Black "Blackburn, Joathan Lb"]
[Result "0-1"]
[WhiteElo "1726"]
[BlackElo "2183"]
[PlyCount "52"]
[EventDate "2016.??.??"]
[EventType "swiss"]
[EventRounds "5"]
[EventCountry "WLS"]

1. e4 e6 2. d4 d5 3. Be3 dxe4 4. Nd2 Nf6 5. f3 Nd5 6. Qe2 exf3 7. Ngxf3 Nd7 8.
O-O-O Be7 9. h4 N7f6 10. Ne5 c6 11. Ndc4 Qc7 12. Bd2 c5 13. g4 cxd4 14. Qf3 b5
15. Ba5 Qc5 16. g5 bxc4 17. gxf6 Bxf6 18. Nxc4 Ba6 19. b4 Qc6 20. Nb2 Bxf1 21.
Rhxf1 Rc8 22. Rd2 Qc3 23. Qd3 Qxd3 24. Nxd3 Bxh4 25. Kb2 Ne3 26. Rf4 Bg5 0-1